000 005010000a22001690004500
041 0 _aSPA
082 0 4 _aG 265.8 B6132b
100 1 _aBingham, Rowland V. (Victor) (1872–1942)
245 1 0 _aLa biblia y el cuerpo o sanidad en las sagradas escrituras / Rowland V. Bingham
260 _aBuenos Aires, Argentina : Junta Bautista
300 _a102 Pag
001 7138
942 _cBK
999 _c37364
_d37364
336 _atexto
_btxt
_2rdacontent
337 _2rdamedia
_asin mediación
_bn
338 _2rdacarrier
_avolumen
_bnc